[Event "CZE-chT2B 2223"]
[Site "Czech Republic"]
[Date "2023.02.19"]
[Round "9.3"]
[White "Stastny, Jakub"]
[Black "Kozak, Milos"]
[Result "1-0"]
[WhiteElo "2070"]
[BlackElo "2067"]
[PlyCount "81"]
[EventDate "2022.10.16"]
[EventType "team-tourn"]
[EventRounds "11"]
[EventCountry "CZE"]
[SourceTitle "EXT 2024"]
[Source "ChessBase"]
[SourceDate "2023.10.10"]
[SourceVersion "1"]
[SourceVersionDate "2023.10.10"]
[SourceQuality "1"]
[WhiteTeam "Udlice"]
[BlackTeam "Litomerice II"]
[WhiteTeamCountry "CZE"]
[BlackTeamCountry "CZE"]

1. d4 Nf6 2. c4 e6 3. Nc3 Bb4 4. Qc2 d6 5. a3 Bxc3+ 6. Qxc3 0-0 7. Bg5 Nbd7 8. e3 h6 9. Bh4 e5 10. dxe5 dxe5 11. Nf3 Qe7 12. Be2 Re8 13. 0-0 Nf8 14. Rfd1 Ng6 15. Bxf6 Qxf6 16. Rd2 Bg4 17. h3 Bxf3 18. Bxf3 c6 19. Rad1 Nh4 20. Be2 Qg5 21. g3 e4 22. c5 Re5 23. b4 Rae8 24. Rd7 Nf3+ 25. Bxf3 exf3 26. Qc4 Rxe3 27. Qxf7+ Kh8 28. Kh2 R3e7 29. Qxf3 Kg8 30. h4 Qe5 31. Rxe7 Qxe7 32. Qg4 Rf8 33. Kg2 Qf7 34. Qe2 Kh8 35. Rd4 Qb3 36. Qd3 Qa2 37. Qe3 Qb2 38. Rd7 Qa2 39. Qd4 Qg8 40. Rxb7 Rd8 41. Rd7 1-0

[Event "CZE-chT2B 2223"]
[Site "Czech Republic"]
[Date "2023.02.05"]
[Round "8.5"]
[White "Bauer, Jindrich"]
[Black "Stastny, Jakub"]
[Result "1/2-1/2"]
[WhiteElo "2110"]
[BlackElo "2070"]
[PlyCount "120"]
[EventDate "2022.10.16"]
[EventType "team-tourn"]
[EventRounds "11"]
[EventCountry "CZE"]
[SourceTitle "EXT 2024"]
[Source "ChessBase"]
[SourceDate "2023.10.10"]
[SourceVersion "1"]
[SourceVersionDate "2023.10.10"]
[SourceQuality "1"]
[WhiteTeam "Kolesovice"]
[BlackTeam "Udlice"]
[WhiteTeamCountry "CZE"]
[BlackTeamCountry "CZE"]

1. d4 Nf6 2. Nc3 d5 3. Bf4 c5 4. e3 Bf5 5. dxc5 Nc6 6. Bb5 e6 7. b4 Nd7 8. Bxc6 bxc6 9. Nf3 Qf6 10. Ne2 Bxc2 11. Qd4 Be7 12. Ne5 Ba4 13. Nc3 Bb5 14. Nxb5 cxb5 15. 0-0 Nxe5 16. Bxe5 Qg6 17. a4 bxa4 18. Rxa4 f6 19. Bg3 0-0 20. c6 Qc2 21. b5 Bc5 22. Qa1 Qd3 23. Rc1 Bb6 24. Bd6 Rfc8 25. Qb1 Qxb1 26. Rxb1 Kf7 27. Rba1 e5 28. Bb4 Ke6 29. g4 d4 30. e4 g6 31. Kf1 f5 32. f3 fxe4 33. fxe4 h5 34. gxh5 gxh5 35. Ba5 Rf8+ 36. Ke2 d3+ 37. Kxd3 Rf3+ 38. Kc2 Rf2+ 39. Kb3 Rf3+ 40. Bc3 Bd4 41. Rc1 Rb8 42. Kc4 Bxc3 43. Rxc3 Rxc3+ 44. Kxc3 Rxb5 45. Kc4 Rb1 46. Rxa7 Kd6 47. Rh7 Rc1+ 48. Kd3 Kxc6 49. Rxh5 Kd6 50. Rh6+ Kc5 51. Rh8 Rd1+ 52. Ke3 Re1+ 53. Kf3 Rf1+ 54. Ke2 Ra1 55. Rd8 Ra2+ 56. Kf3 Rxh2 57. Rd5+ Kc6 58. Rxe5 Kd6 59. Ra5 Ke6 60. Ke3 Rh1 1/2-1/2

[Event "CZE-chT2B 2223"]
[Site "Czech Republic"]
[Date "2022.11.06"]
[Round "2.5"]
[White "Smid, Miroslav"]
[Black "Stastny, Jakub"]
[Result "1/2-1/2"]
[WhiteElo "2228"]
[BlackElo "2025"]
[PlyCount "85"]
[EventDate "2022.10.16"]
[EventType "team-tourn"]
[EventRounds "11"]
[EventCountry "CZE"]
[SourceTitle "EXT 2024"]
[Source "ChessBase"]
[SourceDate "2023.10.10"]
[SourceVersion "1"]
[SourceVersionDate "2023.10.10"]
[SourceQuality "1"]
[WhiteTeam "Bohemians"]
[BlackTeam "Udlice"]
[WhiteTeamCountry "CZE"]
[BlackTeamCountry "CZE"]

1. c4 c6 2. Nf3 d5 3. b3 Nf6 4. Bb2 Bf5 5. g3 e6 6. Bg2 Be7 7. 0-0 h6 8. d3 0-0 9. Nbd2 Qb6 10. Rc1 Rd8 11. Rc2 a5 12. a3 d4 13. Qa1 c5 14. h3 Nc6 15. Re1 Rd7 16. Qa2 Bh7 17. Rcc1 Re8 18. Nf1 Bd8 19. Rcd1 Bc7 20. e3 dxe3 21. Rxe3 Red8 22. Bxf6 gxf6 23. Qc2 f5 24. Qc3 Nd4 25. Ne5 Bxe5 26. Rxe5 Qxb3 27. Qc1 Qc2 28. Qxc2 Nxc2 29. Rxc5 Nxa3 30. Rxa5 Nxc4 31. Rb5 Rxd3 32. Rxd3 Rxd3 33. Rxb7 Kg7 34. Rc7 Nd2 35. Nxd2 Rxd2 36. f4 Kg6 37. Bf3 f6 38. Bc6 h5 39. Be8+ Kh6 40. Rf7 Bg8 41. Rxf6+ Kg7 42. Rg6+ Kf8 43. Bc6 1/2-1/2

[Event "CZE-ch Amateur"]
[Site "Luhacovice"]
[Date "2022.03.16"]
[Round "6"]
[White "Pilch, Roman"]
[Black "Stastny, Jakub"]
[Result "1-0"]
[WhiteElo "2136"]
[BlackElo "1945"]
[PlyCount "105"]
[EventDate "2022.03.12"]
[EventType "swiss"]
[EventRounds "9"]
[EventCountry "CZE"]
[SourceTitle "EXT 2023"]
[Source "ChessBase"]
[SourceDate "2022.10.05"]
[SourceVersion "1"]
[SourceVersionDate "2022.10.05"]
[SourceQuality "1"]

1. Nf3 d5 2. c4 c6 3. b3 Nf6 4. Bb2 Bf5 5. g3 e6 6. Bg2 h6 7. 0-0 Be7 8. d3 0-0 9. Nc3 Qb6 10. Qc2 a5 11. Na4 Qd8 12. c5 Nbd7 13. Rac1 Rc8 14. Bd4 b5 15. Nb2 Qc7 16. Qd2 Bh7 17. Qf4 Qa7 18. Ne5 Rfe8 19. Qe3 Nxe5 20. Qxe5 Bf8 21. Be3 Nd7 22. Qc3 e5 23. d4 e4 24. Qd2 Bf5 25. Rce1 Nf6 26. f3 Qd7 27. a3 Bh3 28. Nd1 Bxg2 29. Kxg2 Kh7 30. Nf2 g6 31. f4 Bg7 32. Qxa5 Ra8 33. Qb4 Ng4 34. Nxg4 Qxg4 35. h3 Qd7 36. Ra1 f5 37. Qe1 Bf6 38. Qf2 Qe6 39. Ra2 Ra7 40. Rfa1 g5 41. a4 b4 42. Kh2 gxf4 43. Qxf4 Bg5 44. Qf2 Rg8 45. Rg1 Rag7 46. Raa1 h5 47. Bxg5 Rxg5 48. Qf4 R8g6 49. e3 Qf6 50. Raf1 h4 51. gxh4 Rxg1 52. Rxg1 Rh6 53. Qc7+ 1-0

[Event "CZE-ch Juniors FIDE op"]
[Site "Kouty nad Desnou"]
[Date "2020.03.11"]
[Round "6"]
[White "Stastny, Jakub"]
[Black "Nguyen, Thai Dai Vinh"]
[Result "1/2-1/2"]
[WhiteElo "1917"]
[BlackElo "2018"]
[PlyCount "61"]
[EventDate "2020.03.07"]
[EventType "swiss"]
[EventRounds "7"]
[EventCountry "CZE"]
[SourceTitle "CBM 195 Extra"]
[Source "ChessBase"]
[SourceDate "2020.05.31"]
[SourceVersion "1"]
[SourceVersionDate "2020.05.31"]
[SourceQuality "1"]

1. d4 Nf6 2. c4 e6 3. Nc3 Bb4 4. Qc2 d5 5. Bg5 0-0 6. cxd5 exd5 7. e3 c6 8. Bd3 h6 9. Bh4 Nbd7 10. Nf3 Re8 11. 0-0 Bd6 12. Rab1 a5 13. a3 Be7 14. Nd2 b6 15. b4 axb4 16. axb4 b5 17. f3 Nb6 18. Rfe1 Rb8 19. Bf2 Nc4 20. Bxc4 bxc4 21. b5 cxb5 22. Rxb5 Rxb5 23. Nxb5 Bb4 24. Ra1 Qb6 25. Nc3 Qc6 26. Qb2 Bxc3 27. Qxc3 Bf5 28. Nb3 Rb8 29. Nc5 Nd7 30. Nxd7 Bxd7 31. Qa5 1/2-1/2

[Event "Karlovy Vary CupT U16"]
[Site "Karlovy Vary"]
[Date "2020.01.23"]
[Round "3.2"]
[White "Stastny, Jakub"]
[Black "Nemec, Jachym"]
[Result "1/2-1/2"]
[WhiteElo "1901"]
[BlackElo "1988"]
[PlyCount "79"]
[EventDate "2020.01.22"]
[EventType "team-swiss"]
[EventRounds "4"]
[EventCountry "CZE"]
[SourceTitle "CBM 194 Extra"]
[Source "ChessBase"]
[SourceDate "2020.03.31"]
[SourceVersion "1"]
[SourceVersionDate "2020.03.31"]
[SourceQuality "1"]
[WhiteTeam "Ustecky kraj"]
[BlackTeam "Stredocesky kraj"]
[WhiteTeamCountry "CZE"]
[BlackTeamCountry "CZE"]

1. d4 Nf6 2. c4 g6 3. Nc3 d5 4. Bg5 Ne4 5. Nxe4 dxe4 6. Qd2 Bg7 7. e3 c5 8. d5 Nd7 9. Ne2 Ne5 10. Nc3 Bf5 11. Be2 h6 12. Bh4 g5 13. Bg3 Bg6 14. h4 a6 15. f3 exf3 16. gxf3 f5 17. hxg5 hxg5 18. 0-0-0 Rxh1 19. Rxh1 Qd7 20. Rg1 Nf7 21. e4 0-0-0 22. Bf2 b6 23. Be3 Bf6 24. f4 fxe4 25. fxg5 Be5 26. Bg4 Bf5 27. Bxf5 Qxf5 28. g6 Nd6 29. b3 Rg8 30. Na4 Rxg6 31. Rxg6 Qxg6 32. Nxb6+ Kb7 33. Bxc5 Qf5 34. Be3 Qf1+ 35. Kc2 Qa1 36. Na4 Qxa2+ 37. Kc1 Qa1+ 38. Kc2 Qa2+ 39. Kc1 Qa1+ 40. Kc2 1/2-1/2

[Event "Karlovy Vary CupT U16"]
[Site "Karlovy Vary"]
[Date "2020.01.22"]
[Round "1.2"]
[White "Stastny, Jakub"]
[Black "Hlavina, Matous"]
[Result "0-1"]
[WhiteElo "1901"]
[BlackElo "1942"]
[PlyCount "120"]
[EventDate "2020.01.22"]
[EventType "team-swiss"]
[EventRounds "4"]
[EventCountry "CZE"]
[SourceTitle "CBM 194 Extra"]
[Source "ChessBase"]
[SourceDate "2020.03.31"]
[SourceVersion "1"]
[SourceVersionDate "2020.03.31"]
[SourceQuality "1"]
[WhiteTeam "Ustecky kraj"]
[BlackTeam "Praha"]
[WhiteTeamCountry "CZE"]
[BlackTeamCountry "CZE"]

1. d4 Nf6 2. c4 g6 3. Nc3 d5 4. cxd5 Nxd5 5. e4 Nxc3 6. bxc3 Bg7 7. Nf3 c5 8. Rb1 0-0 9. Be2 Nc6 10. d5 Ne5 11. Nxe5 Bxe5 12. Qd2 e6 13. f4 Bc7 14. 0-0 exd5 15. exd5 b6 16. c4 Bf5 17. Bd3 Qd7 18. Bb2 Rae8 19. g3 Bd6 20. Rbe1 Bxd3 21. Qxd3 f6 22. Qc3 Re7 23. Rxe7 Bxe7 24. Re1 Bd8 25. Qe3 Kf7 26. Qe6+ Qxe6 27. Rxe6 Re8 28. Rxe8 Kxe8 29. Kf2 Kd7 30. Ke3 Kd6 31. Ke4 b5 32. cxb5 f5+ 33. Kd3 Kxd5 34. a4 Ba5 35. Bc3 Bb6 36. h3 h5 37. Bf6 c4+ 38. Ke2 Ba5 39. Ke3 Bb6+ 40. Ke2 Ke4 41. Bc3 Bd4 42. Ba5 c3 43. Bb4 c2 44. Kd2 Kf3 45. Bd6 Kxg3 46. a5 c1Q+ 47. Kxc1 Kxh3 48. Bc7 Kg3 49. b6 axb6 50. Bxb6 h4 51. Bxd4 h3 52. Bg1 Kg2 53. a6 Kxg1 54. a7 h2 55. a8Q h1Q 56. Qa6 Kh2+ 57. Kd2 Qg2+ 58. Qe2 Qxe2+ 59. Kxe2 Kg3 60. Ke3 Kg4 0-1

[Event "CZE-chT2B 1920"]
[Site "Czech Republic"]
[Date "2019.12.01"]
[Round "4.8"]
[White "Stastny, Jakub"]
[Black "Korsa, Jindrich"]
[Result "0-1"]
[WhiteElo "1891"]
[BlackElo "2037"]
[PlyCount "108"]
[EventDate "2019.10.13"]
[EventType "team-tourn"]
[EventRounds "11"]
[EventCountry "CZE"]
[SourceTitle "EXT 2024"]
[Source "ChessBase"]
[SourceDate "2023.10.10"]
[SourceVersion "1"]
[SourceVersionDate "2023.10.10"]
[SourceQuality "1"]
[WhiteTeam "Teplice"]
[BlackTeam "Podborany"]
[WhiteTeamCountry "CZE"]
[BlackTeamCountry "CZE"]

1. d4 d5 2. c4 c6 3. Nc3 Nf6 4. Nf3 dxc4 5. a4 Bf5 6. Ne5 Nbd7 7. Nxc4 Qc7 8. g3 e5 9. dxe5 Nxe5 10. Bf4 Nfd7 11. Bg2 g5 12. Bxe5 Nxe5 13. Nxe5 Qxe5 14. 0-0 Bb4 15. Qb3 a5 16. Rad1 0-0 17. e4 Be6 18. Qc2 Rad8 19. f4 Qc5+ 20. Kh1 Bg4 21. Rxd8 Rxd8 22. e5 Qe3 23. Ne4 Be2 24. Nxg5 Qd3 25. Qxd3 Rxd3 26. Rb1 Rd1+ 27. Rxd1 Bxd1 28. Be4 h6 29. Nf3 Bxa4 30. Nd4 Bd1 31. Kg2 Bd2 32. e6 fxe6 33. Nxe6 Bc1 34. Nd8 Bxb2 35. Nxb7 a4 36. Bxc6 a3 37. Bd5+ Kg7 38. Nd6 Bc2 39. Ba2 Bd4 40. g4 Bc5 41. Nf5+ Kg6 42. Kf3 Bd1+ 43. Kg3 Bc2 44. Nh4+ Kf6 45. Nf3 Bg6 46. g5+ hxg5 47. fxg5+ Kg7 48. Ne5 Bd6 49. Kf4 Bf7 50. Bb1 a2 51. Bxa2 Bxa2 52. h4 Bb1 53. h5 Kh7 54. g6+ Kh6 0-1

[Event "EU-ch U16"]
[Site "Bratislava"]
[Date "2019.08.10"]
[Round "9"]
[White "Woltery, Nicolai"]
[Black "Stastny, Jakub"]
[Result "1/2-1/2"]
[WhiteElo "1918"]
[BlackElo "1770"]
[PlyCount "53"]
[EventDate "2019.08.02"]
[EventType "swiss"]
[EventRounds "9"]
[EventCountry "SVK"]
[SourceTitle "CBM 191 Extra"]
[Source "ChessBase"]
[SourceDate "2019.09.30"]
[SourceVersion "1"]
[SourceVersionDate "2019.09.30"]
[SourceQuality "1"]

1. c4 Nf6 2. Nc3 c6 3. d4 d5 4. cxd5 cxd5 5. Bf4 Nc6 6. e3 e6 7. Bd3 Bd6 8. Bxd6 Qxd6 9. f4 a6 10. Rc1 b5 11. Nf3 Bb7 12. 0-0 0-0 13. Ne5 Rac8 14. Kh1 Na5 15. Qf3 Rc7 16. Ne2 Rfc8 17. Rxc7 Qxc7 18. Ng3 g6 19. h3 Ba8 20. Kh2 Nc4 21. Rf2 Qa5 22. b3 Nd6 23. Qd1 b4 24. Rc2 Rc3 25. Ne2 Rc7 26. Qc1 Rxc2 27. Qxc2 1/2-1/2

[Event "EU-ch U16"]
[Site "Bratislava"]
[Date "2019.08.04"]
[Round "3"]
[White "Muntean, Victor"]
[Black "Stastny, Jakub"]
[Result "1-0"]
[WhiteElo "2002"]
[BlackElo "1770"]
[PlyCount "107"]
[EventDate "2019.08.02"]
[EventType "swiss"]
[EventRounds "9"]
[EventCountry "SVK"]
[SourceTitle "CBM 191 Extra"]
[Source "ChessBase"]
[SourceDate "2019.09.30"]
[SourceVersion "1"]
[SourceVersionDate "2019.09.30"]
[SourceQuality "1"]

1. e4 e6 2. d4 d5 3. e5 c5 4. c3 Qb6 5. Nf3 Bd7 6. Bd3 cxd4 7. cxd4 Bb5 8. Nc3 Bxd3 9. Qxd3 Qa6 10. Nb5 Qb6 11. a3 Nd7 12. b4 Rc8 13. Bb2 a6 14. Nc3 Qc6 15. Rc1 Nb6 16. 0-0 Nc4 17. Ne2 Ne7 18. Qb3 Ng6 19. Rc2 Be7 20. Nd2 0-0 21. Nxc4 dxc4 22. Qe3 Nh4 23. f3 Nf5 24. Qf2 Rfd8 25. Bc1 a5 26. g4 Bh4 27. Qg2 Nxd4 28. Nxd4 Rxd4 29. g5 axb4 30. axb4 Qb5 31. f4 Qa4 32. Ra2 Qxb4 33. Rb2 Qa5 34. Rxb7 Be1 35. Be3 Rd5 36. f5 Bd2 37. fxe6 Bxe3+ 38. Kh1 fxe6 39. Qf3 Rd7 40. Rxd7 Qa8 41. h4 c3 42. Qxa8 Rxa8 43. Rc7 Bd4 44. Re1 Ra5 45. Rb1 Ra8 46. Rb5 Bf2 47. h5 Bd4 48. Rc4 Rd8 49. g6 hxg6 50. hxg6 Kf8 51. Kg2 Rd5 52. Rb7 Rd8 53. Rf7+ Kg8 54. Rd7 1-0

[Event "EU-ch U16"]
[Site "Bratislava"]
[Date "2019.08.02"]
[Round "1"]
[White "Malyovanyi, Yulian"]
[Black "Stastny, Jakub"]
[Result "1-0"]
[WhiteElo "2154"]
[BlackElo "1770"]
[PlyCount "39"]
[EventDate "2019.08.02"]
[EventType "swiss"]
[EventRounds "9"]
[EventCountry "SVK"]
[SourceTitle "CBM 191 Extra"]
[Source "ChessBase"]
[SourceDate "2019.09.30"]
[SourceVersion "1"]
[SourceVersionDate "2019.09.30"]
[SourceQuality "1"]

1. e4 e6 2. d4 d5 3. exd5 exd5 4. Nf3 Bd6 5. c4 Nf6 6. c5 Be7 7. Bd3 Bg4 8. 0-0 0-0 9. Be3 c6 10. Nbd2 Re8 11. Qc2 Na6 12. Bxa6 bxa6 13. Ne5 Qc8 14. Rac1 Rb8 15. Nxg4 Nxg4 16. Bf4 Rb4 17. Qc3 Qb7 18. b3 Nf6 19. Rfe1 Rc8 20. Rxe7 1-0

[Event "EU-ch U12 26th"]
[Site "Prague"]
[Date "2016.08.26"]
[Round "8"]
[White "Stastny, Jakub"]
[Black "Lukyanenko, Artemiy"]
[Result "0-1"]
[WhiteElo "1376"]
[BlackElo "1752"]
[PlyCount "44"]
[EventDate "2016.08.18"]
[EventType "swiss"]
[EventRounds "9"]
[EventCountry "CZE"]
[SourceTitle "CBM 174 Extra"]
[Source "ChessBase"]
[SourceDate "2016.10.10"]
[SourceVersion "1"]
[SourceVersionDate "2016.10.10"]
[SourceQuality "1"]

1. d4 d6 2. c4 Nf6 3. Nc3 g6 4. Bg5 Bg7 5. Nf3 c6 6. e4 Qc7 7. Rc1 0-0 8. Be2 e5 9. d5 Nbd7 10. 0-0 a5 11. a4 Nc5 12. Nd2 h6 13. Be3 Nfd7 14. Nb3 Kh8 15. Qc2 Na6 16. Na2 Ndc5 17. Rfd1 f5 18. Nxc5 dxc5 19. d6 Qd7 20. Nc3 f4 21. Bd2 Nb4 22. Qb1 Rf6 0-1

[Event "EU-ch U12 26th"]
[Site "Prague"]
[Date "2016.08.19"]
[Round "2"]
[White "Stastny, Jakub"]
[Black "Nytra, Ondrej"]
[Result "0-1"]
[WhiteElo "1376"]
[BlackElo "1708"]
[PlyCount "48"]
[EventDate "2016.08.18"]
[EventType "swiss"]
[EventRounds "9"]
[EventCountry "CZE"]
[SourceTitle "CBM 174 Extra"]
[Source "ChessBase"]
[SourceDate "2016.10.10"]
[SourceVersion "1"]
[SourceVersionDate "2016.10.10"]
[SourceQuality "1"]

1. Nf3 d5 2. d4 e6 3. c4 c6 4. Nc3 Nd7 5. Qc2 Bd6 6. c5 Bc7 7. g3 b6 8. b4 e5 9. e3 e4 10. Nd2 a5 11. b5 bxc5 12. bxc6 Nb8 13. dxc5 Nxc6 14. Bb5 Nge7 15. Bb2 0-0 16. Rd1 Nb4 17. Qb1 Bg4 18. Ne2 Rb8 19. a4 Bh3 20. Bc3 Rxb5 21. Nxe4 Rb8 22. Bxg7 Kxg7 23. Nd4 Nf5 24. Qb2 Nd3+ 0-1